| 000 | 00708nam a22002537a 4500 | ||
|---|---|---|---|
| 005 | 20150515103552.0 | ||
| 008 | 100909s2012 nyua 001 0 eng | ||
| 020 | _a9780073525464 | ||
| 020 | _a0073525464 | ||
| 020 | _a9780073525464 | ||
| 020 | _a9780077563165 | ||
| 020 | _a0077563166 | ||
| 041 | 0 | _aeng | |
| 080 | _a57 | ||
| 100 | 1 | _aMader, Sylvia S. | |
| 245 | 1 | 0 |
_aHuman biology / _cSylvia S. Mader, Michael Windelspecht ; with contributions by Lynn Preston. |
| 250 | _a12th ed. | ||
| 260 |
_aNew York, NY : _bMcGraw-Hill, _c2012. |
||
| 300 |
_a647 f.: _bme il.; _c28 cm. |
||
| 505 | _aIndex: f. 629 - 647 | ||
| 650 | 0 | _aBiologjia | |
| 700 | 1 |
_aWindelspecht, Michael, _d1963- |
|
| 942 |
_2udc _cBK |
||
| 999 |
_c789 _d789 |
||